书目信息 |
| 书名: | Favourite folktales of China | |
| 作者: | translated by John Minford ; illustrated by He Youzhi and others ; introduction by Zhong Jingwen. | |
| 分册号: | ||
| 分册名: | 出版地: | Beijing : |
|
| 出版社: | New World Pr | |
| 出版时间: | 1983. | |
| 页数: | 202 p. : | |
| 开本: | 22 cm. | |
| 丛书名: | ||
| 中图分类号: | ||
| 科图分类号: | ||
| 其他分类号: | H319.4 | |
| 主题词: | ||
| 电子资源: | ||
| 000 | 00892nam 2200253 a 4500 | |
| 001 | E0752636674 | |
| 005 | 20070301091526.45 | |
| 008 | 001 0 eng | |
| 008 | uu | |
| 020 | @cCNY1.80. | |
| 040 | @aNLC | |
| 049 | @aN5LA | |
| 090 | @a2C/I277.3/F27En///////////968984-89/ 6cop. | |
| 090 | @aH319.4 | |
| 096 | @aI277.3 @v2 | |
| 099 | @dH319.4@ex293 | |
| 245 | 00 | @aFavourite folktales of China / @ctranslated by John Minford ; illustrated by He Youzhi and others ; introduction by Zhong Jingwen. |
| 260 | @aBeijing :@bNew World Pr.,@c1983. | |
| 300 | @a202 p. :@bill. ;@c22 cm. | |
| 650 | 0 | @aTales @zChina. |
| 700 | 1 | @aMinford, John. |
| 700 | 1 | @aHe, Youzhi. |
| 740 | 0 | @aFavorite folktales of China. @b00 @c20020930 @lNLC09 @h2246 @lNLC09 @h2303 @lNLC09 @h1854 @b40 @c20030603 @lNLC09 @h0636 @b00 @c20030716 @lNLC09 @h0203 |
| 852 | 9 | @bWWJC @cJ08S @k2C @hI277.3 @iF27En |
| Favourite folktales of China / / translated by John Minford ; illustrated by He Youzhi and others ; introduction by Zhong Jingwen.-Beijing : : New World Pr., , 1983. |
| 202 p. : : ill. ; ; 22 cm. |
| ISBN CNY1.80. |
| ● |
| 相关链接 |
|
|
|
|
正题名:Favourite folktales of China
索取号:H319.4/x293
 
预约/预借
| 序号 | 登录号 | 条形码 | 馆藏地/架位号 | 状态 | 备注 |
| 1 | 128860 | 001427496 | 第四借阅区/ [索取号:H319.4/x293] | 在馆 | |
| 2 | 128861 | 001427469 | 第四借阅区/ [索取号:H319.4/x293] | 在馆 | |
| 3 | 128862 | 202132165 | 第二样本阅览室/ [索取号:H319.4/x293] | 在馆 |